[Event "19. Obert Int. Sant Marti 2017 - B"]
[Site "Barcelona ESP"]
[Date "2017.07.13"]
[Round "1.1"]
[White "Delgadillo Torrico, Felipe"]
[Black "Ramon Herraez, Alex"]
[Result "1-0"]
[WhiteElo "1943"]
[BlackElo "1694"]
[PlyCount "99"]
[EventDate "2017.07.13"]
[EventType "swiss"]
[EventRounds "9"]
[EventCountry "ESP"]
[SourceTitle "Ajedrez en Madrid"]
[Source "lmi"]
[SourceDate "2017.07.13"]
[SourceVersion "1"]
[SourceVersionDate "2019.06.21"]
[SourceQuality "1"]

1. d4 d5 2. c4 e6 3. Nc3 Nf6 4. e3 c6 5. Nf3 Nbd7 6. Bd3 dxc4 7. Bxc4 b5 8. Bd3
Bb7 9. O-O a6 10. b3 Rc8 11. Qe2 Be7 12. Bd2 O-O 13. Rfc1 c5 14. a4 b4 15. Nd1
a5 16. Nb2 Nb6 17. dxc5 Rxc5 18. Rxc5 Bxc5 19. Rc1 Be7 20. Be1 Qb8 21. Nd4 Rc8
22. Rxc8+ Qxc8 23. Qc2 Qxc2 24. Bxc2 Bd5 25. Nd3 Nfd7 26. f3 Nc5 27. e4 Nxd3
28. Bxd3 Bb7 29. Bf2 Nd7 30. Kf1 Ne5 31. Bb5 Bd8 32. Ke2 Kf8 33. Bg3 Ng6 34.
Kd3 Bb6 35. Bd6+ Kg8 36. Nc6 Nh4 37. Kc4 Nxg2 38. Bc5 Bc7 39. Bxb4 axb4 40.
Kxb4 Kf8 41. a5 Ne1 42. a6 Ba8 43. Kc5 Nxf3 44. b4 Ne5 45. Nxe5 Bxe5 46. Bc6
Bxc6 47. Kxc6 Bd4 48. b5 f5 49. b6 fxe4 50. a7 1-0

[Event "19. Obert Int. Sant Marti 2017 - B"]
[Site "Barcelona ESP"]
[Date "2017.07.13"]
[Round "1.2"]
[White "Catala Ulied, Guillem"]
[Black "Samrat, Ghorai"]
[Result "0-1"]
[WhiteElo "1693"]
[BlackElo "1938"]
[PlyCount "56"]
[EventDate "2017.07.13"]
[EventType "swiss"]
[EventRounds "9"]
[EventCountry "ESP"]
[SourceTitle "Ajedrez en Madrid"]
[Source "lmi"]
[SourceDate "2017.07.13"]
[SourceVersion "1"]
[SourceVersionDate "2019.06.21"]
[SourceQuality "1"]

1. e4 c5 2. d3 d5 3. exd5 Qxd5 4. Nf3 Nc6 5. Nc3 Qd8 6. Bf4 Nf6 7. Be2 e6 8.
O-O Be7 9. Qd2 a6 10. a4 b6 11. Rfe1 Bb7 12. Bf1 O-O 13. Ne2 Nb4 14. Ng3 Bxf3
15. gxf3 Nfd5 16. Be3 f5 17. c3 Nc6 18. c4 Ndb4 19. f4 Ra7 20. Rad1 Rd7 21. Qc3
Bf6 22. Qd2 Nxd3 23. Nh5 Ncb4 24. Bxd3 Nxd3 25. Re2 e5 26. Nxf6+ Rxf6 27. fxe5
Nxe5 28. Bg5 Nf3+ 0-1

[Event "19. Obert Int. Sant Marti 2017 - B"]
[Site "Barcelona ESP"]
[Date "2017.07.13"]
[Round "1.3"]
[White "Majumdar, Shankar"]
[Black "Pascual Gonzalez-Novelles, Carles"]
[Result "1-0"]
[WhiteElo "1934"]
[BlackElo "1683"]
[PlyCount "51"]
[EventDate "2017.07.13"]
[EventType "swiss"]
[EventRounds "9"]
[EventCountry "ESP"]
[SourceTitle "Ajedrez en Madrid"]
[Source "lmi"]
[SourceDate "2017.07.13"]
[SourceVersion "1"]
[SourceVersionDate "2019.06.21"]
[SourceQuality "1"]

1. d4 Nf6 2. Nf3 d5 3. c3 e6 4. Bf4 Be7 5. Nbd2 Nbd7 6. e3 O-O 7. Bd3 Re8 8.
Ne5 Nxe5 9. dxe5 Nd7 10. Qh5 f5 11. g4 g6 12. Qh3 Nc5 13. Bc2 Bg5 14. O-O-O Qe7
15. gxf5 exf5 16. Bxg5 Qxg5 17. Rhg1 Qe7 18. f4 Ne4 19. Rg2 Be6 20. Nf3 Qc5 21.
Nh4 Kg7 22. Rdg1 Kf8 23. Rxg6 hxg6 24. Nxg6+ Kg7 25. Ne7+ Kf8 26. Nxf5 1-0

[Event "19. Obert Int. Sant Marti 2017 - B"]
[Site "Barcelona ESP"]
[Date "2017.07.13"]
[Round "1.4"]
[White "Romero Funieles, Rafael"]
[Black "Carrey Abellan, Enric"]
[Result "1/2-1/2"]
[WhiteElo "1683"]
[BlackElo "1931"]
[PlyCount "87"]
[EventDate "2017.07.13"]
[EventType "swiss"]
[EventRounds "9"]
[EventCountry "ESP"]
[SourceTitle "Ajedrez en Madrid"]
[Source "lmi"]
[SourceDate "2017.07.13"]
[SourceVersion "1"]
[SourceVersionDate "2019.06.21"]
[SourceQuality "1"]

1. e4 c5 2. Nf3 e6 3. c4 Qc7 4. Nc3 a6 5. d3 d6 6. Bf4 Nd7 7. Be2 Ngf6 8. O-O
Be7 9. Bg5 O-O 10. h3 b6 11. Nh2 Bb7 12. f4 Rfe8 13. Bf3 Rad8 14. Ng4 Nxg4 15.
Bxg4 Nf6 16. Bf3 Bc6 17. Qe1 h6 18. Bh4 Nh7 19. Qf2 Bf6 20. Bxf6 Nxf6 21. Rae1
b5 22. f5 b4 23. Ne2 e5 24. Ng3 Qe7 25. b3 Rf8 26. Nh1 Nh7 27. h4 a5 28. Qg3
Kh8 29. Nf2 Rg8 30. Qh2 Bd7 31. Ng4 Ra8 32. Ne3 Bc6 33. Rf2 a4 34. bxa4 Rxa4
35. Bd1 Ra7 36. g4 f6 37. Rg2 Rga8 38. Bb3 Qf7 39. Rf1 Qe7 40. Rff2 Qd8 41. Rf1
Qe7 42. Kh1 Rg8 43. Rfg1 Rga8 44. Rf1 1/2-1/2

[Event "19. Obert Int. Sant Marti 2017 - B"]
[Site "Barcelona ESP"]
[Date "2017.07.13"]
[Round "1.5"]
[White "Vives Cabau, Jordi"]
[Black "Garcia Punzano, Josep Lluis"]
[Result "1-0"]
[WhiteElo "1930"]
[BlackElo "1683"]
[PlyCount "87"]
[EventDate "2017.07.13"]
[EventType "swiss"]
[EventRounds "9"]
[EventCountry "ESP"]
[SourceTitle "Ajedrez en Madrid"]
[Source "lmi"]
[SourceDate "2017.07.13"]
[SourceVersion "1"]
[SourceVersionDate "2019.06.21"]
[SourceQuality "1"]

1. e4 c5 2. c3 g6 3. d4 cxd4 4. cxd4 Bg7 5. Nc3 d6 6. Bc4 Nf6 7. f3 O-O 8. Nge2
Nc6 9. Be3 a6 10. a4 Qc7 11. Bd3 Nd7 12. Rc1 e6 13. O-O Qb6 14. Bc2 Nce5 15. a5
Qa7 16. Bf2 Nc4 17. b4 b5 18. Bb3 d5 19. e5 Bh6 20. Rc2 Be3 21. Bxc4 Bxf2+ 22.
Rxf2 bxc4 23. Na4 Qb7 24. Rb2 Rb8 25. Nec3 Qc7 26. Qd2 f6 27. f4 Bb7 28. Qe3
fxe5 29. fxe5 Bc6 30. Qh3 Rxf2 31. Rxf2 Nf8 32. Nc5 Bd7 33. Nxa6 Qb7 34. Nxb8
Qxb8 35. Qf3 Qe8 36. b5 g5 37. Qf6 Ng6 38. b6 Bc8 39. Qxg5 Qd7 40. h4 Kh8 41.
h5 Qe7 42. Qxe7 Nxe7 43. Rf8+ Kg7 44. Rxc8 1-0

[Event "19. Obert Int. Sant Marti 2017 - B"]
[Site "Barcelona ESP"]
[Date "2017.07.13"]
[Round "1.6"]
[White "Valbuena Castro, Gregorio"]
[Black "Morais Carreras, Javier"]
[Result "0-1"]
[WhiteElo "1682"]
[BlackElo "1925"]
[PlyCount "66"]
[EventDate "2017.07.13"]
[EventType "swiss"]
[EventRounds "9"]
[EventCountry "ESP"]
[SourceTitle "Ajedrez en Madrid"]
[Source "lmi"]
[SourceDate "2017.07.13"]
[SourceVersion "1"]
[SourceVersionDate "2019.06.21"]
[SourceQuality "1"]

1. e4 e5 2. d4 exd4 3. Bc4 Nf6 4. Nf3 Nc6 5. Qe2 d6 6. c3 dxc3 7. Nxc3 Be7 8.
Bg5 Bg4 9. h3 Bxf3 10. gxf3 h6 11. Bh4 Ne5 12. Bb3 c6 13. Bxf6 Bxf6 14. O-O-O
Bg5+ 15. Kb1 Qf6 16. f4 Bxf4 17. h4 Nd7 18. Rhg1 O-O-O 19. Qc4 Nb6 20. Qxf7
Qxf7 21. Bxf7 g5 22. h5 Rhf8 23. Be6+ Kc7 24. Ne2 Be5 25. Bf5 d5 26. f3 Nc4 27.
Nd4 Bxd4 28. Rxd4 Ne5 29. Rf1 c5 30. Ra4 Kb6 31. Be6 Nxf3 32. Rf2 dxe4 33. Rxe4
Nd2+ 0-1

[Event "19. Obert Int. Sant Marti 2017 - B"]
[Site "Barcelona ESP"]
[Date "2017.07.13"]
[Round "1.7"]
[White "Costa Trave, Jaume"]
[Black "Subirana Santos, Marc"]
[Result "1-0"]
[WhiteElo "1922"]
[BlackElo "1679"]
[PlyCount "109"]
[EventDate "2017.07.13"]
[EventType "swiss"]
[EventRounds "9"]
[EventCountry "ESP"]
[SourceTitle "Ajedrez en Madrid"]
[Source "lmi"]
[SourceDate "2017.07.13"]
[SourceVersion "1"]
[SourceVersionDate "2019.06.21"]
[SourceQuality "1"]

1. d4 g6 2. Nc3 Bg7 3. Bf4 a6 4. e4 d6 5. Bc4 e6 6. Nge2 Nd7 7. Qd2 b5 8. Bd3
Bb7 9. a3 Nb6 10. b3 Rc8 11. Bg5 Qd7 12. Rd1 Nf6 13. Ng3 h6 14. Bf4 g5 15. Be3
Ng4 16. O-O O-O 17. Nh5 f5 18. f3 Nxe3 19. Qxe3 f4 20. Qf2 Qf7 21. Nxg7 Qxg7
22. Ne2 Nd7 23. c4 c6 24. Bb1 Rb8 25. g3 fxg3 26. Nxg3 Qf7 27. Qc2 Nf6 28. e5
Ne8 29. c5 d5 30. f4 Qg7 31. f5 exf5 32. Nxf5 Rxf5 33. Qxf5 Bc8 34. Qg6 Bh3 35.
Qxc6 Bxf1 36. Qxd5+ Kh8 37. Rxf1 Nc7 38. Qe4 Ne6 39. d5 Nf4 40. c6 Rf8 41. Kh1
Re8 42. e6 Re7 43. Re1 Qb2 44. Qe5+ Qxe5 45. Rxe5 Kg7 46. Kg1 Re8 47. Rf5 Ne2+
48. Kf2 Nc3 49. Bd3 Rf8 50. Rxf8 Kxf8 51. d6 Nd5 52. Be4 Nf6 53. Ke3 h5 54. Bg6
h4 55. e7+ 1-0

[Event "19. Obert Int. Sant Marti 2017 - B"]
[Site "Barcelona ESP"]
[Date "2017.07.13"]
[Round "1.8"]
[White "Escofet Llongueras, Joan"]
[Black "Espinosa Cebrian, Carlos"]
[Result "0-1"]
[WhiteElo "1676"]
[BlackElo "1921"]
[PlyCount "52"]
[EventDate "2017.07.13"]
[EventType "swiss"]
[EventRounds "9"]
[EventCountry "ESP"]
[SourceTitle "Ajedrez en Madrid"]
[Source "lmi"]
[SourceDate "2017.07.13"]
[SourceVersion "1"]
[SourceVersionDate "2019.06.21"]
[SourceQuality "1"]

1. c4 f5 2. Nc3 Nf6 3. g3 e5 4. Bg2 c6 5. d3 Bc5 6. e3 Qe7 7. Nge2 d6 8. O-O
O-O 9. d4 Bb6 10. d5 Bd7 11. b4 a5 12. Na4 Bc7 13. a3 b5 14. dxc6 bxa4 15. cxd7
Ra6 16. b5 Rb6 17. Bd2 e4 18. Bxa5 Rb7 19. Bb4 Nbxd7 20. Qxa4 Ne5 21. Rfd1 Nxc4
22. Qa6 Bb8 23. Nd4 Qf7 24. Rac1 Rb6 25. Qa8 Ba7 26. Qxf8+ Kxf8 0-1

[Event "19. Obert Int. Sant Marti 2017 - B"]
[Site "Barcelona ESP"]
[Date "2017.07.13"]
[Round "1.9"]
[White "Poyato Ruiz, Fernando"]
[Black "Hinarejos Montano, Andres"]
[Result "1/2-1/2"]
[WhiteElo "1863"]
[BlackElo "1607"]
[PlyCount "54"]
[EventDate "2017.07.13"]
[EventType "swiss"]
[EventRounds "9"]
[EventCountry "ESP"]
[SourceTitle "Ajedrez en Madrid"]
[Source "lmi"]
[SourceDate "2017.07.13"]
[SourceVersion "1"]
[SourceVersionDate "2019.06.21"]
[SourceQuality "1"]

1. d4 d5 2. c4 c6 3. Nc3 Bf5 4. cxd5 cxd5 5. Qb3 Nc6 6. e3 Nf6 7. Nf3 Rb8 8.
Be2 a6 9. O-O e6 10. Bd2 Be7 11. Rac1 h6 12. Na4 O-O 13. Nc5 Bxc5 14. Rxc5 Ne4
15. Rcc1 Nxd2 16. Nxd2 Ne7 17. Rc5 Qd7 18. Rfc1 Rfc8 19. Qb6 Nc6 20. Nb3 Qd8
21. Qxd8+ Rxd8 22. Bxa6 Nb4 23. Be2 Bd3 24. Kf1 Bxe2+ 25. Kxe2 Nxa2 26. Ra1 Nb4
27. Rb5 Na6 1/2-1/2

[Event "19. Obert Int. Sant Marti 2017 - B"]
[Site "Barcelona ESP"]
[Date "2017.07.13"]
[Round "1.10"]
[White "Gallego Montes, Antoni"]
[Black "Grasa Solanas, Oscar"]
[Result "1-0"]
[WhiteElo "1908"]
[BlackElo "1676"]
[PlyCount "43"]
[EventDate "2017.07.13"]
[EventType "swiss"]
[EventRounds "9"]
[EventCountry "ESP"]
[SourceTitle "Ajedrez en Madrid"]
[Source "lmi"]
[SourceDate "2017.07.13"]
[SourceVersion "1"]
[SourceVersionDate "2019.06.21"]
[SourceQuality "1"]

1. e4 d5 2. d4 dxe4 3. Nc3 Nf6 4. f3 Bf5 5. Bg5 exf3 6. Qxf3 Qc8 7. Bc4 h6 8.
Bxf6 gxf6 9. Nge2 Bxc2 10. O-O Bg7 11. Rac1 Bh7 12. Qg3 Rg8 13. Nd5 f5 14. Qxc7
Nc6 15. Bb5 Kf8 16. Rxc6 Qxc7 17. Rxc7 e6 18. Ne7 Rh8 19. Rfc1 Rd8 20. Rxb7 f4
21. Rcc7 Bf6 22. Nc6 1-0

[Event "19. Obert Int. Sant Marti 2017 - B"]
[Site "Barcelona ESP"]
[Date "2017.07.13"]
[Round "1.11"]
[White "Aguilera Campana, Antonio"]
[Black "Atul, Kumar"]
[Result "0-1"]
[WhiteElo "1674"]
[BlackElo "1907"]
[PlyCount "58"]
[EventDate "2017.07.13"]
[EventType "swiss"]
[EventRounds "9"]
[EventCountry "ESP"]
[SourceTitle "Ajedrez en Madrid"]
[Source "lmi"]
[SourceDate "2017.07.13"]
[SourceVersion "1"]
[SourceVersionDate "2019.06.21"]
[SourceQuality "1"]

1. e4 g6 2. d4 Bg7 3. f4 d6 4. Nf3 c5 5. Bb5+ Bd7 6. Bxd7+ Nxd7 7. O-O cxd4 8.
Kh1 Qb6 9. c3 e5 10. fxe5 dxe5 11. cxd4 exd4 12. Nbd2 Ne7 13. Nc4 Qa6 14. b3 b5
15. Nb2 Nc6 16. Nd3 O-O 17. Bb2 Rfe8 18. e5 Qb6 19. b4 Rad8 20. Rc1 Ndxe5 21.
Ndxe5 Nxe5 22. Nxe5 Bxe5 23. Qf3 Re7 24. Rc5 Bg7 25. Rd5 h6 26. h3 Rxd5 27.
Qxd5 Qb7 28. Qd8+ Kh7 29. Rd1 Re2 0-1

[Event "19. Obert Int. Sant Marti 2017 - B"]
[Site "Barcelona ESP"]
[Date "2017.07.13"]
[Round "1.12"]
[White "Cano Sevilla, Ivan"]
[Black "Tortosa Moros, Joan"]
[Result "1-0"]
[WhiteElo "1904"]
[BlackElo "1672"]
[PlyCount "91"]
[EventDate "2017.07.13"]
[EventType "swiss"]
[EventRounds "9"]
[EventCountry "ESP"]
[SourceTitle "Ajedrez en Madrid"]
[Source "lmi"]
[SourceDate "2017.07.13"]
[SourceVersion "1"]
[SourceVersionDate "2019.06.21"]
[SourceQuality "1"]

1. e4 c5 2. Nc3 Nc6 3. f4 g6 4. Nf3 Bg7 5. Bc4 e6 6. d3 Nge7 7. O-O O-O 8. Qe1
d5 9. Bb3 Nd4 10. Kh1 Nxb3 11. axb3 d4 12. Ne2 b6 13. Qg3 Bb7 14. Qh3 Bc8 15.
g4 f5 16. Rg1 Qe8 17. Ng3 Qd8 18. Bd2 Qe8 19. Rg2 Qd8 20. Rag1 Qe8 21. Nh4 Rf7
22. Nf3 Rf8 23. Be1 a5 24. Ne2 a4 25. bxa4 Rxa4 26. Bh4 Ra7 27. Ng3 fxe4 28.
Nxe4 Qd8 29. Bg5 Qc7 30. Ng3 Nd5 31. Ne2 Ne3 32. Rg3 Nxc2 33. Qh4 Bb7 34. Rf1
Bxf3+ 35. Rfxf3 Ra1+ 36. Rg1 Rxg1+ 37. Kxg1 Qa7 38. f5 Qa1+ 39. Bc1 Bf6 40. g5
Bh8 41. Rh3 Rf7 42. fxg6 Rg7 43. gxh7+ Kf8 44. Qf4+ Rf7 45. Qb8+ Kg7 46. Qg8#
1-0

[Event "19. Obert Int. Sant Marti 2017 - B"]
[Site "Barcelona ESP"]
[Date "2017.07.13"]
[Round "1.13"]
[White "Martin Arranz, Lluis"]
[Black "Fabregas Fontanet, Antonio"]
[Result "0-1"]
[WhiteElo "1669"]
[BlackElo "1903"]
[PlyCount "104"]
[EventDate "2017.07.13"]
[EventType "swiss"]
[EventRounds "9"]
[EventCountry "ESP"]
[SourceTitle "Ajedrez en Madrid"]
[Source "lmi"]
[SourceDate "2017.07.13"]
[SourceVersion "1"]
[SourceVersionDate "2019.06.21"]
[SourceQuality "1"]

1. e4 g6 2. d4 Bg7 3. Nf3 d6 4. Be2 Nf6 5. Nc3 O-O 6. Bg5 b6 7. Qd2 Re8 8.
O-O-O Bb7 9. e5 dxe5 10. dxe5 Qxd2+ 11. Rxd2 Ng4 12. e6 f6 13. Bf4 Na6 14. Bxa6
Bxa6 15. h3 Ne5 16. Nxe5 fxe5 17. Bg5 Bf6 18. Ne4 Bxg5 19. Nxg5 Rad8 20. Nf7
Rxd2 21. Kxd2 Bc4 22. Nxe5 Bxe6 23. Re1 Bd5 24. f3 Rd8 25. Kc3 Kf8 26. Rd1 b5
27. Nc6 Rd6 28. Nxa7 Bc4 29. Rxd6 exd6 30. g3 Bf1 31. h4 Ke8 32. Nc6 Kd7 33.
Nb4 Be2 34. f4 Ke6 35. Kd2 Bf3 36. Ke3 Bd1 37. c3 c5 38. Nd3 Bc2 39. Ne1 Bb1
40. a3 Kf5 41. Kf2 Ba2 42. Ng2 Ke4 43. g4 Be6 44. g5 d5 45. Kg3 d4 46. cxd4
cxd4 47. Kf2 Bh3 48. Ne1 Bg4 49. Nc2 d3 50. Ne3 d2 51. b3 d1=Q 52. Nxd1 Bxd1
0-1

[Event "19. Obert Int. Sant Marti 2017 - B"]
[Site "Barcelona ESP"]
[Date "2017.07.13"]
[Round "1.14"]
[White "Muhammad, Qasim"]
[Black "Mas Sayos, Lluis"]
[Result "1-0"]
[WhiteElo "1899"]
[BlackElo "1668"]
[PlyCount "87"]
[EventDate "2017.07.13"]
[EventType "swiss"]
[EventRounds "9"]
[EventCountry "ESP"]
[SourceTitle "Ajedrez en Madrid"]
[Source "lmi"]
[SourceDate "2017.07.13"]
[SourceVersion "1"]
[SourceVersionDate "2019.06.21"]
[SourceQuality "1"]

1. e4 c5 2. Nf3 a6 3. Nc3 e6 4. a3 Nc6 5. d4 cxd4 6. Nxd4 Qc7 7. Be2 Nf6 8. O-O
d6 9. Be3 Be7 10. Nb3 O-O 11. f4 Rd8 12. Qe1 b5 13. Qg3 Bd7 14. Rad1 b4 15.
axb4 Nxb4 16. Rd2 Bc6 17. Bf3 a5 18. Nd4 d5 19. Nxc6 Nxc6 20. e5 Nd7 21. b3
Rab8 22. Na4 Rb4 23. Nb2 Bc5 24. Qf2 d4 25. Bxd4 Nxd4 26. Kh1 Nxb3 27. Rxd7
Rxd7 28. Qg3 Nd4 29. Nd3 Rc4 30. Be4 Nf5 31. Qf3 Be7 32. Nf2 g6 33. Bd3 Rc3 34.
Ne4 Kg7 35. Nxc3 Qxc3 36. g4 Nd4 37. Qg2 Rc7 38. f5 Bh4 39. f6+ Kg8 40. Rb1 Rc8
41. Qh3 g5 42. Qg2 Nc6 43. Qe4 Nxe5 44. Qxh7+ 1-0

[Event "19. Obert Int. Sant Marti 2017 - B"]
[Site "Barcelona ESP"]
[Date "2017.07.13"]
[Round "1.16"]
[White "Walter Travella, German"]
[Black "Sanchez Paz, Josep"]
[Result "1/2-1/2"]
[WhiteElo "1892"]
[BlackElo "1657"]
[PlyCount "116"]
[EventDate "2017.07.13"]
[EventType "swiss"]
[EventRounds "9"]
[EventCountry "ESP"]
[SourceTitle "Ajedrez en Madrid"]
[Source "lmi"]
[SourceDate "2017.07.13"]
[SourceVersion "1"]
[SourceVersionDate "2019.06.21"]
[SourceQuality "1"]

1. e4 c5 2. Nf3 Nc6 3. Bb5 d6 4. O-O a6 5. Bxc6+ bxc6 6. c4 e5 7. Qa4 Qc7 8.
Nc3 f5 9. exf5 Bxf5 10. Re1 Be7 11. Nd5 Qb7 12. Re3 Bd7 13. Nxe7 Nxe7 14. Qa5
O-O 15. d4 cxd4 16. Nxd4 exd4 17. Rxe7 Rf7 18. Rxf7 Kxf7 19. c5 Re8 20. cxd6
Qb5 21. Qxb5 axb5 22. Kf1 Ke6 23. Bf4 Kd5 24. f3 c5 25. Re1 Rxe1+ 26. Kxe1 b4
27. b3 c4 28. bxc4+ Kxc4 29. Bd2 Kc5 30. g4 Kc4 31. h3 b3 32. axb3+ Kxb3 33. f4
Kc4 34. f5 Kd3 35. h4 Ke4 36. Bh6 Kd5 37. Bxg7 Kxd6 38. f6 Ke6 39. Kf2 Kf7 40.
Kf3 d3 41. g5 Bg4+ 42. Ke3 Be2 43. Bh6 Bf1 44. Bg7 Be2 45. Kd2 Bf1 46. Bh8 Be2
47. Ke3 Kg6 48. Bg7 Kf7 49. Kf2 Kg6 50. Bf8 Kf7 51. Bb4 Ke6 52. Ke3 Kf7 53. Kf4
Bh5 54. Kf5 Be2 55. Ke4 Kg6 56. Bc3 Kf7 57. h5 Bxh5 58. Kxd3 Bg6+ 1/2-1/2

[Event "19. Obert Int. Sant Marti 2017 - B"]
[Site "Barcelona ESP"]
[Date "2017.07.13"]
[Round "1.17"]
[White "Jimenez Molina, Victor"]
[Black "Bernat, Ernest"]
[Result "0-1"]
[WhiteElo "1646"]
[BlackElo "1889"]
[PlyCount "132"]
[EventDate "2017.07.13"]
[EventType "swiss"]
[EventRounds "9"]
[EventCountry "ESP"]
[SourceTitle "Ajedrez en Madrid"]
[Source "lmi"]
[SourceDate "2017.07.13"]
[SourceVersion "1"]
[SourceVersionDate "2019.06.21"]
[SourceQuality "1"]

1. e4 c5 2. Nf3 Nc6 3. d4 cxd4 4. Nxd4 e5 5. Nb5 d6 6. N1c3 a6 7. Na3 Nf6 8.
Bg5 Be7 9. Bxf6 Bxf6 10. Nd5 Bg5 11. h4 Be7 12. Nc4 Be6 13. Nxe7 Kxe7 14. Qd2
Bxc4 15. Bxc4 Qa5 16. c3 Rhd8 17. Qg5+ Kf8 18. Qf5 Kg8 19. Qxf7+ Kh8 20. Qxb7
Qc5 21. Bd5 Na5 22. Qb4 Rab8 23. Qxc5 dxc5 24. b3 Nb7 25. Bxb7 Rxb7 26. Rd1
Rxd1+ 27. Kxd1 Kg8 28. Ke2 a5 29. Kd3 Rd7+ 30. Kc2 Rf7 31. f3 Rf4 32. Kd3 Rf7
33. Rd1 Rf4 34. Kc4 Rxh4 35. Kxc5 Rh2 36. Rd2 h5 37. c4 h4 38. Rd8+ Kh7 39. Rd1
Rxg2 40. Rh1 g5 41. Kd5 Rxa2 42. Kxe5 Rf2 43. Kf5 Kh6 44. Kg4 Rg2+ 45. Kf5 Rf2
46. Kg4 Rg2+ 47. Kf5 Rf2 48. Rh3 Kh5 49. Ke6 Rb2 50. e5 Rxb3 51. Kf5 Rc3 52. e6
Rxc4 53. e7 Rc8 54. Kf6 a4 55. f4 gxf4 56. Rd3 Re8 57. Kf7 Rxe7+ 58. Kxe7 Kg4
59. Ra3 h3 60. Rxa4 h2 61. Ra1 Kg3 62. Kf6 f3 63. Kf5 f2 64. Ke4 Kg2 65. Ke3
f1=Q 66. Ra2+ Kg3 0-1

[Event "19. Obert Int. Sant Marti 2017 - B"]
[Site "Barcelona ESP"]
[Date "2017.07.13"]
[Round "1.18"]
[White "Elizondo Marquet, Juan Marcos"]
[Black "Low, Ethan"]
[Result "1-0"]
[WhiteElo "1887"]
[BlackElo "1643"]
[PlyCount "147"]
[EventDate "2017.07.13"]
[EventType "swiss"]
[EventRounds "9"]
[EventCountry "ESP"]
[SourceTitle "Ajedrez en Madrid"]
[Source "lmi"]
[SourceDate "2017.07.13"]
[SourceVersion "1"]
[SourceVersionDate "2019.06.21"]
[SourceQuality "1"]

1. e4 c6 2. Nc3 d5 3. Nf3 Bg4 4. h3 Bxf3 5. Qxf3 Nf6 6. exd5 cxd5 7. Bb5+ Nc6
8. O-O e6 9. d4 Be7 10. Rd1 O-O 11. Bf4 Rc8 12. a3 a6 13. Be2 Na5 14. Qg3 Re8
15. b3 b5 16. Rd3 Nb7 17. Be5 Nd6 18. Re3 Nf5 19. Qf4 Nxe3 20. Qxe3 Qa5 21. Na2
Qxa3 22. Bd3 Qb2 23. Qe1 Ne4 24. f3 Nc3 25. Nxc3 Qxc3 26. Qxc3 Rxc3 27. Rxa6 b4
28. Rb6 Rcc8 29. Rb7 f6 30. Bg3 Bf8 31. Kf1 e5 32. dxe5 fxe5 33. Bf5 Rcd8 34.
Bh4 Rb8 35. Rd7 Rb5 36. Bd3 Rc5 37. Bf2 Rcc8 38. Rxd5 g6 39. Bg3 Rc5 40. Rd7
Re7 41. Rd8 Kg7 42. Be1 Rb7 43. Be4 Rbb5 44. Bd3 Rb7 45. Be4 Rbb5 46. Rd7+ Kg8
47. Bh4 Rc8 48. Bd3 Rbc5 49. Bf6 R8c6 50. Bh4 Rxc2 51. Bxc2 Rxc2 52. Rd3 Rc3
53. Rxc3 bxc3 54. Ke2 Bc5 55. Kd3 Bd4 56. Be1 Kf7 57. Bxc3 Bxc3 58. Kxc3 Ke6
59. Kc4 Kd6 60. Kb5 g5 61. b4 h5 62. Ka6 g4 63. b5 e4 64. fxe4 Ke5 65. b6 Kxe4
66. b7 Ke3 67. b8=Q Kf2 68. Qb7 Kg3 69. hxg4 hxg4 70. Kb5 Kh2 71. Kc4 g3 72.
Kd3 Kg1 73. Ke2 Kh2 74. Kf1 1-0

[Event "19. Obert Int. Sant Marti 2017 - B"]
[Site "Barcelona ESP"]
[Date "2017.07.13"]
[Round "1.19"]
[White "Serentill Tost, Eduard"]
[Black "Garcia Quevedo, Jose"]
[Result "1/2-1/2"]
[WhiteElo "1639"]
[BlackElo "1882"]
[PlyCount "119"]
[EventDate "2017.07.13"]
[EventType "swiss"]
[EventRounds "9"]
[EventCountry "ESP"]
[SourceTitle "Ajedrez en Madrid"]
[Source "lmi"]
[SourceDate "2017.07.13"]
[SourceVersion "1"]
[SourceVersionDate "2019.06.21"]
[SourceQuality "1"]

1. e4 c5 2. Nf3 d6 3. d4 cxd4 4. Nxd4 Nf6 5. Nc3 a6 6. Be2 e6 7. Be3 Be7 8. Qd2
Qc7 9. O-O b5 10. a3 Bb7 11. Bf3 Nbd7 12. Rad1 Ne5 13. Qe2 O-O 14. Bg5 Rac8 15.
g3 Nxf3+ 16. Nxf3 h6 17. Bxf6 Bxf6 18. Rd3 Qb6 19. Rfd1 Rfd8 20. Nd4 Rc4 21.
Qe3 b4 22. Na4 Qa5 23. b3 Bxd4 24. Rxd4 Rxc2 25. Rxb4 Qc7 26. f3 a5 27. Rbd4 d5
28. b4 axb4 29. axb4 Ra8 30. Nc5 Bc6 31. exd5 Bxd5 32. Ne4 Raa2 33. R1d2 Rc1+
34. Rd1 Qc2 35. Nf2 Rxd1+ 36. Rxd1 Qb2 37. Qd4 Qxd4 38. Rxd4 Bxf3 39. h4 Ra1+
40. Kh2 Rf1 41. Rd2 Rb1 42. g4 Rxb4 43. Kg3 Bd5 44. Rc2 Rb3+ 45. Kh2 g6 46. Nh3
Ra3 47. Nf4 Ra2 48. Rxa2 Bxa2 49. Kg3 Kf8 50. Nd3 Ke7 51. Kf4 Kf6 52. g5+ hxg5+
53. hxg5+ Ke7 54. Ke5 Bb1 55. Nc5 Bf5 56. Nb3 Bc2 57. Nd4 Bf5 58. Nc6+ Kd7 59.
Nb8+ Ke7 60. Nc6+ 1/2-1/2

[Event "19. Obert Int. Sant Marti 2017 - B"]
[Site "Barcelona ESP"]
[Date "2017.07.13"]
[Round "1.20"]
[White "Rios Torondell, Jaume"]
[Black "Torres Martinez, Jordi"]
[Result "1-0"]
[WhiteElo "1881"]
[BlackElo "1634"]
[PlyCount "65"]
[EventDate "2017.07.13"]
[EventType "swiss"]
[EventRounds "9"]
[EventCountry "ESP"]
[SourceTitle "Ajedrez en Madrid"]
[Source "lmi"]
[SourceDate "2017.07.13"]
[SourceVersion "1"]
[SourceVersionDate "2019.06.21"]
[SourceQuality "1"]

1. e4 e5 2. d4 d6 3. Bc4 exd4 4. Qxd4 Nc6 5. Qe3 Be7 6. Nc3 Nf6 7. h3 O-O 8.
Bd2 Ne5 9. Bb3 Be6 10. Bxe6 fxe6 11. Qe2 c6 12. f4 Ned7 13. Nf3 Nh5 14. Qf2
Nxf4 15. Qg3 e5 16. O-O-O b5 17. Rhe1 b4 18. Ne2 c5 19. Nxf4 exf4 20. Bxf4 Qa5
21. Kb1 c4 22. Rd5 Qa4 23. Bxd6 b3 24. cxb3 cxb3 25. axb3 Qxb3 26. Bxe7 Rab8
27. Qf2 Nb6 28. Re3 Qc4 29. Rc5 Qa4 30. Bxf8 Rxf8 31. Qc2 Qb4 32. Rb3 Qa4 33.
Rxb6 1-0

[Event "19. Obert Int. Sant Marti 2017 - B"]
[Site "Barcelona ESP"]
[Date "2017.07.13"]
[Round "1.21"]
[White "Martinez Torras, Pol"]
[Black "Colom Andres, Xavier"]
[Result "1/2-1/2"]
[WhiteElo "1631"]
[BlackElo "1874"]
[PlyCount "94"]
[EventDate "2017.07.13"]
[EventType "swiss"]
[EventRounds "9"]
[EventCountry "ESP"]
[SourceTitle "Ajedrez en Madrid"]
[Source "lmi"]
[SourceDate "2017.07.13"]
[SourceVersion "1"]
[SourceVersionDate "2019.06.21"]
[SourceQuality "1"]

1. d4 d5 2. Nf3 Nf6 3. c4 c6 4. Nc3 dxc4 5. a4 Bf5 6. e3 e6 7. Bxc4 Bb4 8. O-O
O-O 9. h3 Nbd7 10. Nh4 Bg6 11. Nxg6 hxg6 12. Qe2 Nb6 13. Bd3 Nbd5 14. Nxd5 cxd5
15. Bd2 Bd6 16. Bc3 Rc8 17. Rfd1 a6 18. e4 dxe4 19. Bxe4 Bb8 20. g3 Nxe4 21.
Qxe4 Qd5 22. Qxd5 exd5 23. Re1 Rfe8 24. Rxe8+ Rxe8 25. Re1 Rxe1+ 26. Bxe1 Kf8
27. Kf1 Ba7 28. Bc3 Ke7 29. Ke2 Ke6 30. Ke3 Bb6 31. Bb4 Bd8 32. b3 Kd7 33. Bf8
Bf6 34. Kd3 Kc6 35. Bc5 g5 36. g4 b6 37. Ba3 b5 38. Bc5 Bd8 39. f3 Bf6 40. Kc3
Bd8 41. Kd3 Bc7 42. Bf8 g6 43. Be7 Bf4 44. Kc3 bxa4 45. bxa4 Kb6 46. Bd8+ Kc6
47. Be7 Kb6 1/2-1/2